Nursing Solved Question Papers for GNM 2nd Year (Record no. 157103)

MARC details
000 -LEADER
fixed length control field 00405nam a2200145Ia 4500
008 - FIXED-LENGTH DATA ELEMENTS--GENERAL INFORMATION
fixed length control field 230411s9999 xx 000 0 und d
020 ## - INTERNATIONAL STANDARD BOOK NUMBER
International Standard Book Number 978-93-5025-358-8
041 ## - LANGUAGE CODE
Language code of text/sound track or separate title eng
082 ## - DEWEY DECIMAL CLASSIFICATION NUMBER
Classification number F/610.07/RAI/B06770
100 ## - MAIN ENTRY--PERSONAL NAME
Personal name Rai Parambeer
9 (RLIN) 179264
245 ## - TITLE STATEMENT
Title Nursing Solved Question Papers for GNM 2nd Year
260 ## - PUBLICATION, DISTRIBUTION, ETC. (IMPRINT)
Name of publisher, distributor, etc. Jaypee Brothers
Place of publication, distribution, etc. New Delhi
Date of publication, distribution, etc. 2011
300 ## - PHYSICAL DESCRIPTION
Extent 288p
Holdings
Withdrawn status Lost status Damaged status Not for loan Collection code Home library Current library Date acquired Vendor Cost, normal purchase price Bill number Total Checkouts Full call number Barcode Date last seen Date last checked out Cost, replacement price Bill Date Koha item type Original Barcode
          Smt. Bakul Tambat Institute of Nursing Education Smt. Bakul Tambat Institute of Nursing Education 17/06/2011 Jaypee Brothers Medical Publishers 250.00 1150 1 F 610.07 RAI B06770 BTIN-BK-6770 14/07/2023 11/07/2023 182.00 17/06/2011 Books B06770